000 00804nam a2200217Ii 4500
003 JO-AjNU
008 230605s9999||||xx |||||||||||||| ||und||
040 _aJO-AjNU
_bara
_erda
_cJO-AjNU
041 _aara
050 1 4 _aHQ799 .H3 1981
100 3 _aحطب، زهير / م.مشارك عباس مكي,
_eauthor
_937210
245 0 0 _aمأزم الشباب العلائقي واشكال التعاطي معه
250 _aط1
264 3 1 _aبيروت: معهد الانماء العربي، 1981
300 _a245ص
_bيحتوي ببلوغرافية من ص 241-245ص
336 _atext
_btxt
_2rdacontent
337 _aunmediated
_bn
_2rdamedia
338 _avolume
_bnc
_2rdacarrier
490 0 _aالدراسات الانسانية علم النفس
650 4 _aالشباب -رعاية
_937211
999 _aA15527
_c19095
_d19095